ბათუმის შოთა რუსთაველის სახელმწიფო უნივერსიტეტის ბიბლიოთეკა

Курс дифференциального и интегрального исчисления. Том 1. (ბიბ.ჩანაწერი № 37255)

000 -LEADER
fixed length control field 00768nam a2200229Ia 4500
001 - CONTROL NUMBER
control field 3214
003 - CONTROL NUMBER IDENTIFIER
control field GE_BSU
008 - FIXED-LENGTH DATA ELEMENTS--GENERAL INFORMATION
fixed length control field 181216s||||||||xx |||||||||||||| ||und||
040 ## - CATALOGING SOURCE
Transcribing agency GE_BSU
080 ## - UNIVERSAL DECIMAL CLASSIFICATION NUMBER
Universal Decimal Classification number 517.0(075.8)
100 ## - MAIN ENTRY--PERSONAL NAME
Personal name Фихтенгольц,Г.М.
245 ## - TITLE STATEMENT
Title Курс дифференциального и интегрального исчисления. Том 1.
245 ## - TITLE STATEMENT
Remainder of title Учебник.
245 ## - TITLE STATEMENT
Statement of responsibility, etc. Ред. Г.П.Акилов, Ю.А.Горьков.
250 ## - EDITION STATEMENT
Edition statement Изд. седьмое, стереотипное.
260 ## - PUBLICATION, DISTRIBUTION, ETC.
Place of publication, distribution, etc. М.
260 ## - PUBLICATION, DISTRIBUTION, ETC.
Name of publisher, distributor, etc. Наука.
260 ## - PUBLICATION, DISTRIBUTION, ETC.
Date of publication, distribution, etc. 1969.
300 ## - PHYSICAL DESCRIPTION
Extent 607 стр. 21 см.
653 ## - INDEX TERM--UNCONTROLLED
Uncontrolled term Курс дифференциального и интегрального исчисления.
942 ## - ADDED ENTRY ELEMENTS (KOHA)
Koha item type წიგნი
ეგზემპლარები
Withdrawn status Lost status Damaged status Not for loan Date acquired Barcode Date last seen Price effective from Koha item type
        2018-12-17 9034 2018-12-17 2018-12-17 წიგნი
        2018-12-17 9035 2018-12-17 2018-12-17 წიგნი